000
00455nam a2200145Ia 4500
008
151213s9999 xx 000 0 und d
100
_a
আবুল হাসান।
245
_a
যে তুমি হরণ করো।
_c
আবুল হাসান।
260
_a
ঢাকা
_b
প্রগতি।
_c
1974
300
_a
8446 p.
650
_a
Bangla
650
_a
Bengali Literature
700
_a
আবুল হাসান।
999
_c
4284
_d
4284